Морские электромагнитные зондирования: монография

Dades bibliogràfiques
Autor principal: Дмитриев В. И.
Sumari:Монография посвящена исследованиям морских электромагнитных зондирований. Детально описаны методы расчета электромагнитных полей в неоднородных средах. Приводятся расчеты для типичных случаев зондирования шельфовой зоны и поиска зал жей углеводородов под морским дном. Специальная глава посвящена обратным задачам электромагнитных зондирований. Монография будет полезна геофизикам, занимающимся развитием и применением методов электроразведки для поиска залежей нефти и газа. Материалы монографии могут быть использованы как учебное пособие при подготовке специалистов по геофизич ским методам разведки полезных ископаемых.
Idioma:rus
Publicat: Москва, Аргамак-Медиа, 2014
Matèries:
Format: MixedMaterials Llibre
KOHA link:https://koha.lib.tpu.ru/cgi-bin/koha/opac-detail.pl?biblionumber=269892

MARC

LEADER 00000nam0a2200000 4500
001 269892
005 20231101234309.0
010 |a 9785000240229 
035 |a (RuTPU)RU\TPU\book\293070 
090 |a 269892 
100 |a 20140923d2014 k y0rusy50 ca 
101 0 |a rus 
102 |a RU 
105 |a a z 001zy 
200 1 |a Морские электромагнитные зондирования  |e монография  |f В. И. Дмитриев 
210 |a Москва  |c Аргамак-Медиа  |d 2014 
215 |a 192 с.  |c ил. 
320 |a Библиогр.: с. 187-191. 
330 |a Монография посвящена исследованиям морских электромагнитных зондирований. Детально описаны методы расчета электромагнитных полей в неоднородных средах. Приводятся расчеты для типичных случаев зондирования шельфовой зоны и поиска зал жей углеводородов под морским дном. Специальная глава посвящена обратным задачам электромагнитных зондирований. Монография будет полезна геофизикам, занимающимся развитием и применением методов электроразведки для поиска залежей нефти и газа. Материалы монографии могут быть использованы как учебное пособие при подготовке специалистов по геофизич ским методам разведки полезных ископаемых. 
606 1 |a Электромагнитное зондирование  |2 stltpush  |3 (RuTPU)RU\TPU\subj\20155  |9 45276 
610 1 |a проводящие среды 
610 1 |a электромагнитное поле 
610 1 |a слоистые среды 
610 1 |a неоднородные среды 
610 1 |a морское электромагнитное зондирование 
675 |a 550.837.6  |v 3 
700 1 |a Дмитриев  |b В. И. 
801 1 |a RU  |b 63413507  |c 20140923 
801 2 |a RU  |b 63413507  |c 20141201  |g RCR 
942 |c BK 
959 |a 130/20140919  |d 1  |e 477,90  |f ЧЗТЛ:1